Report of the third Ad hoc meeting of intergovernmental organizations on work programmes related to subsidies in fisheries, Rome, 23 - 25 July 2003
Saved in:
| Format: | Book |
|---|---|
| Language: | Undetermined |
| Published: |
Rome, Italy
FAO
2003
|
| Subjects: | |
| Tags: |
Add Tag
No Tags, Be the first to tag this record!
|
| Institutions: | Trung tâm Học liệu Trường Đại học Cần Thơ |
|---|
| LEADER | 00543nam a2200169Ia 4500 | ||
|---|---|---|---|
| 001 | CTU_59767 | ||
| 008 | 210402s9999 xx 000 0 und d | ||
| 082 | |a 338.3727 | ||
| 082 | |b R245 | ||
| 245 | 0 | |a Report of the third Ad hoc meeting of intergovernmental organizations on work programmes related to subsidies in fisheries, Rome, 23 - 25 July 2003 | |
| 260 | |a Rome, Italy | ||
| 260 | |b FAO | ||
| 260 | |c 2003 | ||
| 650 | |a fisheries | ||
| 650 | |x economic aspects | ||
| 904 | |i Minh | ||
| 980 | |a Trung tâm Học liệu Trường Đại học Cần Thơ | ||